<?xml version="1.0" encoding="UTF-8"?><?xml-stylesheet type="text/xsl" href="static/style.xsl"?><OAI-PMH xmlns="http://www.openarchives.org/OAI/2.0/" xmlns:xsi="http://www.w3.org/2001/XMLSchema-instance" xsi:schemaLocation="http://www.openarchives.org/OAI/2.0/ http://www.openarchives.org/OAI/2.0/OAI-PMH.xsd"><responseDate>2026-04-18T23:27:17Z</responseDate><request verb="GetRecord" identifier="oai:riubu.ubu.es:10259/6838" metadataPrefix="marc">https://riubu.ubu.es/oai/request</request><GetRecord><record><header><identifier>oai:riubu.ubu.es:10259/6838</identifier><datestamp>2022-09-09T00:05:24Z</datestamp><setSpec>com_10259.4_2543</setSpec><setSpec>com_10259_5086</setSpec><setSpec>com_10259_2604</setSpec><setSpec>col_10259.4_2544</setSpec></header><metadata><record xmlns="http://www.loc.gov/MARC21/slim" xmlns:doc="http://www.lyncode.com/xoai" xmlns:xsi="http://www.w3.org/2001/XMLSchema-instance" xmlns:dcterms="http://purl.org/dc/terms/" xsi:schemaLocation="http://www.loc.gov/MARC21/slim http://www.loc.gov/standards/marcxml/schema/MARC21slim.xsd">
<leader>00925njm 22002777a 4500</leader>
<datafield tag="042" ind1=" " ind2=" ">
<subfield code="a">dc</subfield>
</datafield>
<datafield tag="720" ind1=" " ind2=" ">
<subfield code="a">Fernández Hawrylak, María</subfield>
<subfield code="e">author</subfield>
</datafield>
<datafield tag="720" ind1=" " ind2=" ">
<subfield code="a">Heras Sevilla, Davinia</subfield>
<subfield code="e">author</subfield>
</datafield>
<datafield tag="720" ind1=" " ind2=" ">
<subfield code="a">Cepa Serrano, Amaya</subfield>
<subfield code="e">author</subfield>
</datafield>
<datafield tag="260" ind1=" " ind2=" ">
<subfield code="c">2020-10</subfield>
</datafield>
<datafield tag="520" ind1=" " ind2=" ">
<subfield code="a">The effectiveness of the Emotional Education Program EMO-ACTION (EMO-ACCIÓN) in the development of emotional skills and emotional strategies is evaluated, as well as empathy and problemsolving skills among preschool students. A sample of 123 children were enrolled in the 2nd year of preschool education, aged between 4 and 5 years old. A design of repeated pre-test/post-test measurements was applied to an experimental group (60 children) and a control group (63 children). The Recognition, Regulation, Empathy and Problem-Solving Scale (RRER) was administered before and after the educational intervention. The results confi rm that the program had a positive impact on the development of emotional skills in the children that took part in it. A significant increase was noted in emotional recognition, in emotional regulation, and in the identification, and resolution of problems.</subfield>
</datafield>
<datafield tag="520" ind1=" " ind2=" ">
<subfield code="a">Este trabajo evalúa la eficacia del Programa EMO-ACCIÓN de Educación Emocional en el desarrollo de las competencias y estrategias emocionales, y de las habilidades de empatía o de resolución de problemas en alumnado de Educación Infantil. La investigación cuenta con una muestra de 123 estudiantes de 2º curso de Educación Infantil de 4 y 5 años de edad. Se utiliza un diseño de medidas repetidas pre-test/post-test con grupos experimental (60 alumnos) y control (63 alumnos). Se administra antes y después de la intervención educativa la Escala de Reconocimiento, Regulación, Empatía y Resolución de Problemas (RRER). Los resultados obtenidos evidencian que el programa tiene un impacto positivo en el desarrollo de competencias emocionales en el alumnado de Educación Infantil que participa en el mismo. Se produce un incremento significativo en el reconocimiento emocional, en la regulación emocional y en la identificación y resolución de problemas.</subfield>
</datafield>
<datafield tag="024" ind2=" " ind1="8">
<subfield code="a">1578-7001</subfield>
</datafield>
<datafield tag="024" ind2=" " ind1="8">
<subfield code="a">http://hdl.handle.net/10259/6838</subfield>
</datafield>
<datafield tag="024" ind2=" " ind1="8">
<subfield code="a">10.15581/004.39.87-107</subfield>
</datafield>
<datafield tag="024" ind2=" " ind1="8">
<subfield code="a">2386-6292</subfield>
</datafield>
<datafield ind1=" " ind2=" " tag="653">
<subfield code="a">Program evaluation</subfield>
</datafield>
<datafield ind1=" " ind2=" " tag="653">
<subfield code="a">Emotional education</subfield>
</datafield>
<datafield ind1=" " ind2=" " tag="653">
<subfield code="a">Emotional skills</subfield>
</datafield>
<datafield ind1=" " ind2=" " tag="653">
<subfield code="a">Preschool</subfield>
</datafield>
<datafield ind1=" " ind2=" " tag="653">
<subfield code="a">Evaluación de programas</subfield>
</datafield>
<datafield ind1=" " ind2=" " tag="653">
<subfield code="a">Educación emocional</subfield>
</datafield>
<datafield ind1=" " ind2=" " tag="653">
<subfield code="a">Competencias emocionales</subfield>
</datafield>
<datafield ind1=" " ind2=" " tag="653">
<subfield code="a">Educación infantil</subfield>
</datafield>
<datafield tag="245" ind1="0" ind2="0">
<subfield code="a">Evaluation of the Effectiveness of the Emotional Education Program EMO-ACTION within a Preschool Setting</subfield>
</datafield>
</record></metadata></record></GetRecord></OAI-PMH>